000 00359nam a2200145Ia 4500
008 230312s9999||||xx |||||||||||||| ||und||
020 _a978-1316635643
082 _a621
_bKHA-P
100 _aKhan;Md.N
245 0 _aPrinciples of Engineering Physics 1
260 _bCambridge
_aIndia
_c2016
300 _a873
650 _aEngineering
_vPhysics
942 _cBK
999 _c14005
_d14005